header

Iowa birdlife (Record no. 218140)

MARC details
000 -LEADER
fixed length control field 01327nam a2200337Ia 4500
100 1# - MAIN ENTRY--AUTHOR NAME
Personal name Black, Gladys.
245 10 - TITLE STATEMENT
Title Iowa birdlife
260 ## - PUBLICATION, DISTRIBUTION, ETC. (IMPRINT)
Place of publication Iowa City :
Name of publisher Published for the Nature Conservancy by the University of Iowa Press,
Year of publication c1992.
300 ## - PHYSICAL DESCRIPTION
Number of Pages xxv, 176 p. :
Other physical details ill. (some col.).
500 ## - GENERAL NOTE
General note Includes index.
650 #0 - SUBJECT ADDED ENTRY--TOPICAL TERM
Topical Term Birds
Topical Term Vertebrates
856 40 - ELECTRONIC LOCATION AND ACCESS
Uniform Resource Identifier http://site.ebrary.com/lib/rucke/Doc?id=10594413

No items available.

© 2026 Rongo University
Contact us: librarian | system librarian | Rongo university